000 01192nam a2200241Ia 4500
003 Ost
005 20260416102350.0
008 260416s9999||||xx |||||||||||||| ||und||
040 _cfsecg
041 _aara
082 _a658.15
100 _aبومدين، يوسف
_eمؤلف
245 0 _aالتسيير المالي ( الادارة المالية ) :
_bحول اختيار الاستثمارات _ مصادر التمويل _ مخطط التمويل /
_c يوسف بومدين
260 _aالجزائر
_bجامعة الجزائر3: كلية العلوم الإقتصادية، العلوم التجارية وعلوم التسيير
_c2013
300 _a108 ورقة
_bايضاحات
_c30 سم
504 _aمراجع ص.108
520 _aآليات تقييم واختيار الاستثمارات ، اليات اختيار مصادر التمويل ، مخطط التمويل
653 _aالادارة المالية
653 _aالاستثمارات
653 _aالتمويل
710 _aجامعة الجزائر3: كلية العلوم الإقتصادية، العلوم التجارية وعلوم التسيير
_eناشر علمي
942 _cHANDOUT
999 _c40960
_d40960